Départements du bassin de la Charente - Statistiques

Statistiques générales
  • Ce quiz a été pris 48 fois
  • Le résultat moyen est 6 sur 7
Statistiques - réponses
Région % Correct
Charente
100%
Charente-Maritime
100%
Nouvelle-Aquitaine
91%
Deux-Sèvres
87%
Haute-Vienne
85%
Vienne
85%
Dordogne
76%
Aucun quiz correspondant
Distribution des résultats
% des personnes avec chaque résultat
Percentile par nombre de réponses
Votre historique - résultats
Vous n’avez pas pris ce quiz